000 00239nam a22001097a 4500
999 _c15745
_d15745
003 OSt
008 190926b ||||| |||| 00| 0 eng d
082 _a627.80954
245 _aSome typical dams of India
260 _bCBIP
_c1991
942 _cBK